Zásady vnitropodnikového řízení /

Hlavní autor: Jirásková, Jana
Další autoři: Kopincová, Jana
Jazyk: Čeština
Vydáno: Praha : Výzkumný ústav obchodu, 1988
Vydání: 1. vydání
Edice: Knižnice Výzkumného ústavu obchodu
Témata:
Fyzický popis: 24 stran ; 21 cm
Language note: Francouzské a ruské resumé
Knihy
Uloženo v:
LEADER 01173nam a22003612i 4500
001 001538676
003 CZ BrMZK
005 20250711125218.0
007 ta
008 160809s1988 xr er|||||||||||cze d
015 |a cnb000043598 
020 |q (Brožováno) 
035 |a (OCoLC)39437157 
040 |a ABA001  |b cze  |d BOA001  |e rda 
041 0 |a cze  |b fre  |b rus 
080 9 |a 658.115.01 
100 1 |a Jirásková, Jana  |4 aut 
245 1 0 |a Zásady vnitropodnikového řízení /  |c zpracovaly: Jana Jirásková, Jana Kopincová 
250 |a 1. vydání 
264 1 |a Praha :  |b Výzkumný ústav obchodu,  |c 1988 
300 |a 24 stran ;  |c 21 cm 
336 |a text  |b txt  |2 rdacontent 
337 |a bez média  |b n  |2 rdamedia 
338 |a svazek  |b nc  |2 rdacarrier 
490 1 |a Knižnice Výzkumného ústavu obchodu ;  |v číslo 231 
546 |a Francouzské a ruské resumé 
655 7 |a brožury  |7 fd131925  |2 czenas 
700 1 |a Kopincová, Jana  |4 aut 
830 0 |a Knižnice Výzkumného ústavu obchodu  |0 s 
910 |a BOA001  |b X-0938.027 
990 |a BK 
991 |b 201608 
996 6 |b 2619167755  |c X-0938.027  |l MZK  |r Sklad / do 24 hodin  |n 0  |w 001573909  |u 000010  |a 1  |e BOA001  |j MZK50  |s P